000 00409nam a2200097Ia 4500
008 180130s9999 xx 000 0 und d
245 _cLaib, F.; Radjeg, M.S.
_aCommodity futures market mechanism: mathematical formulation and some analytical properties
260 _c2016
300 _aBook title: Innovations in computer science and engineering--Acession number C20551; pages 71-89
650 _aCOMPUTER SCIENCE
999 _c353744
_d353744